000 00486cam a22002054a 4500
005 20250605164313.0
008 250528s ||||||||||||||||||||||||d
035 _a22588
020 _a9780415130783
040 _aGR-AtMCL
_bgre
_dGR-AtMCL
_eAACR2
245 1 _aBEHIND THE MYTH OF EUROPEAN UNION
250 _a1
260 _bRouledge,
_c1995
300 _a334
700 1 _aAmin Ash
_98358
700 1 _aTomaney John
_98359
942 _cBK
999 _c7636
_d7636